|
|
|
|
| LEADER |
01538nam a22003137a 4500 |
| 001 |
42703 |
| 003 |
BD-DhAAL |
| 008 |
240613t2002 ohua|||| |||| 00| 0 eng d |
| 020 |
|
|
|a 0078249414
|
| 020 |
|
|
|a 9780078249419
|
| 040 |
|
|
|a BD-DhAAL
|c BD-DhAAL
|
| 082 |
|
|
|a 910.712
|
| 100 |
|
|
|a Boehm, Richard G.
|9 17346
|
| 245 |
|
|
|a Geography :
|b the world and its people.
|n volume 2 /
|c National Geographic Society (U.S.) ; Richard G. Boehm, David G. Armstrong and Francis P. Hunkins.
|
| 264 |
|
|
|a New York, NY :
|b Glencoe/McGraw-Hill,
|c c2002.
|
| 300 |
|
|
|a various paging :
|b illustrations ;
|c 30 cm.
|
| 362 |
|
|
|a Vol. 2
|
| 500 |
|
|
|a Includes index.
|
| 541 |
|
|
|a Donation from the Asia Foundation/Savar Campus Library
|e 42703, 42704
|
| 650 |
|
|
|a Geography
|x Study and teaching (Elementary).
|
| 650 |
|
|
|a Geography.
|
| 700 |
|
|
|a Armstrong, David G.
|9 38445
|
| 700 |
|
|
|a Hunkins, Francis P.
|9 56541
|
| 710 |
|
|
|a National Geographic Society (U.S.).
|
| 852 |
|
|
|a Ayesha Abed Library
|
| 942 |
|
|
|2 ddc
|c BK
|
| 999 |
|
|
|c 46732
|d 46732
|
| 952 |
|
|
|0 0
|1 0
|2 ddc
|4 0
|6 910_712000000000000_BOE
|7 0
|9 75654
|a SCL
|b SCL
|c GEN
|d 2024-06-13
|e Donation from the Asia Foundation/Savar Campus Library
|l 0
|o 910.712 BOE
|p 3020042703
|r 2024-06-13
|t 1
|w 2024-06-13
|y BK
|x Donation from the Asia Foundation/Savar Campus Library
|
| 952 |
|
|
|0 0
|1 0
|2 ddc
|4 0
|6 910_712000000000000_BOE
|7 0
|9 75655
|a SCL
|b SCL
|c GEN
|d 2024-06-13
|e Donation from the Asia Foundation/Savar Campus Library
|l 0
|o 910.712 BOE
|p 3020042704
|r 2024-06-13
|t 2
|w 2024-06-13
|y BK
|x Donation from the Asia Foundation/Savar Campus Library
|